Locuras humanas / (Record no. 158039)

MARC details
000 -LEADER
campo de control de longitud fija 00732nam a2200181 i 4500
001 - NÚMERO DE CONTROL
campo de control 158039
003 - IDENTIFICADOR DE NÚMERO DE CONTROL
campo de control ES-MaACL
005 - FECHA Y HORA DE LA ÚLTIMA TRANSACCIÓN
campo de control 20250907063120.0
008 - DATOS DE LONGITUD FIJA--INFORMACIÓN GENERAL
campo de control de longitud fija 990122s1886 ag |||| | spa d
100 1# - ENTRADA PRINCIPAL--NOMBRE DE PERSONA
Nombre de persona López de Gómara, Justo S.,
Fechas asociadas al nombre 1859-1923
9 (RLIN) 73542
245 10 - MENCIÓN DEL TÍTULO
Título Locuras humanas /
Mención de responsabilidad, etc. referidas por Justo S. López Gomara ; ilustraciones de Hermoso ; grabados de Ortego.
260 ## - PUBLICACIÓN, DISTRIBUCIÓN, ETC.
Lugar de publicación, distribución, etc. Buenos Aires :
Nombre del editor, distribuidor, etc. Félix Lajouane, Editor,
Fecha de publicación, distribución, etc. 1886.
300 ## - DESCRIPCIÓN FÍSICA
Extensión [4], 133 p., [1] h. de lám. :
Otras características físicas il. ;
Dimensiones 22 cm.
700 1# - ENTRADA AGREGADA--NOMBRE PERSONAL
Nombre de persona Hermoso.
9 (RLIN) 127887
700 1# - ENTRADA AGREGADA--NOMBRE PERSONAL
Nombre de persona Ortego y Vereda, Francisco Javier.
9 (RLIN) 148757
852 ## - LOCALIZACIÓN
Ubicación ES-MaACL
Número de control de estantería T-465-F-7
Nota libre - Enc. hol.
-- - Enc. en un vol. facticio
Encuadernación - Falto de cub. original
Holdings
Estatus retirado Estado de pérdida Estado de daño No para préstamo Colección Biblioteca de origen Biblioteca actual Ubicación en estantería Fecha de adquisición Total de préstamos Signatura topográfica completa Código de barras Visto por última vez Precio de reemplazo Tipo de ítem Koha
        Colección de folletos Biblioteca del Ateneo de Madrid Biblioteca del Ateneo de Madrid Depósito folletos 17/01/2008   T-465-F-7 1165402 23/02/2023 23/02/2023 Folleto